- Literatura holandesa
Entrada Tema o Materia
Número de registros utilizados en: 1
001 - NUMERO DE CONTROL
- Campo de control: 2497
003 - IDENTIFICADOR DEL NUMERO DE CONTROL
- Campo de control: SpMaBN
005 - HORA Y FECHA DE LA ULTIMA TRANSACCIÓN
- Campo de control: 20190923115130.0
008 - CAMPO DE LONGITUD FIJA
- Campo fijo de descripción fija: 930402dn anznnbabn |a ana
016 ## -
- : BNE19931149465
024 7# -
- : http://id.loc.gov/authorities/subjects/sh85040115
- : lcsh
024 7# -
- : http://lemac.sgcb.mcu.es/Autoridades/LEMAC201210609/concept
- : lemac
024 7# -
- : http://lemav.sgcb.mcu.es/Autoridades/LEMAV2015061710/concept
- : lemav
040 ## -
- : SpMaBN
- : spa
- : SpMaBN
- : rdc
- : embne
042 ## -
- : 199612021336PCMPBC BNEP300
080 ## -
- : 821.112.5
- : 2015
150 ## - ENCABEZAMIENTO DE MATERIA-TEMA
- Téma o Materia: Literatura holandesa
450 ## - REFERENCIA DE ENVIO “VEASE” - MATERIA
- Encabezamiento temático : Literatura flamenca
- Subdivisión Cronológica: Hasta 1830
450 ## - REFERENCIA DE ENVIO “VEASE” - MATERIA
- Encabezamiento temático : Literatura neerlandesa
550 ## - REFERENCIA DE ENVIO "VEASE ADEMAS" - MATERIA
- Subcampo de control: h
- Encabezamiento temático o nombre geográfico como elemento de entrada: Literatura infantil holandesa
550 ## - REFERENCIA DE ENVIO "VEASE ADEMAS" - MATERIA
- Subcampo de control: h
- Encabezamiento temático o nombre geográfico como elemento de entrada: Poesía holandesa
670 ## - FUENTE EN LA QUE SE LOCALIZARON DATOS
- Cita de la fuente : LCSH
- Información localizada : (Dutch literature)
670 ## - FUENTE EN LA QUE SE LOCALIZARON DATOS
- Cita de la fuente : CSIC
- Información localizada : (Literatura holandesa)
750 #7 - ASIENTO LIGADO AL ENCABEZAMIENTO - TEMATICO
- Encabezamiento temático : Dutch literature
- Source of heading or term: lcsh
750 #7 - ASIENTO LIGADO AL ENCABEZAMIENTO - TEMATICO
- Encabezamiento temático : Literatura neerlandesa
- Source of heading or term: lemac
750 #7 - ASIENTO LIGADO AL ENCABEZAMIENTO - TEMATICO
- Encabezamiento temático : Holandako literatura
- Source of heading or term: lemav
961 ## -
- : Literatura holandesa
